| 000 | 00548nam a2200217Ia 4500 | ||
|---|---|---|---|
| 008 | 101110s9999 xx 000 0 und d | ||
| 041 | _aENGLISH | ||
| 082 | _bSR32824 | ||
| 100 | _aBhattacharya S.S.& Yeragi S.G. | ||
| 245 | _aZoology SYBSC Vol.I | ||
| 260 |
_c2009 _bSheth publishers pvt.ltd.Mumbai |
||
| 300 | _a477 | ||
| 365 | _b200 | ||
| 520 | _aBiology/Zoology | ||
| 546 | _aENGLISH | ||
| 630 | _aZoology SYBSC Vol.I | ||
| 650 | _aBiology/Zoology | ||
| 655 | _aBiology/Zoology | ||
| 730 | _aZoology SYBSC Vol.I | ||
| 942 | _cBOOK | ||
| 999 |
_c825325 _d825322 |
||